<?xml version="1.0" encoding="utf-8"?>
<?xml-stylesheet type='text/xsl' href='./oai2.xsl'?>
<OAI-PMH xmlns="http://www.openarchives.org/OAI/2.0/" xmlns:xsi="http://www.w3.org/2001/XMLSchema-instance" xsi:schemaLocation="http://www.openarchives.org/OAI/2.0/ http://www.openarchives.org/OAI/2.0/OAI-PMH.xsd">
  <responseDate>2026-06-07T14:41:06Z</responseDate>
  <request verb="GetRecord" metadataPrefix="marcxml" identifier="record_kuniweb_422688">https://kulturerbe.niedersachsen.de/oai</request>
  <GetRecord>
    <record>
      <header>
        <identifier>record_kuniweb_422688</identifier>
        <datestamp>2025-08-28T09:38:22Z</datestamp>
        <setSpec>slg0183</setSpec>
      </header>
      <metadata>
        <marc:record xmlns:marc="http://www.loc.gov/MARC21/slim" xsi:schemaLocation="http://www.loc.gov/MARC21/slim http://www.loc.gov/standards/marcxml/schema/MARC21slim.xsd">
          <marc:leader>12345nkm  22     uu 4500</marc:leader>
          <marc:controlfield tag="001">422688</marc:controlfield>
          <marc:controlfield tag="003">http://kuniweb.gbv.de</marc:controlfield>
          <marc:controlfield tag="005">2020-10-22T13:54:47</marc:controlfield>
          <marc:controlfield tag="008">|           ||||||||||||||||||||||</marc:controlfield>
          <marc:datafield tag="245" ind1="1" ind2="0">
            <marc:subfield code="a">Ludwig Passini (1832-1903), Joseph von Kopf (1827-1903) und Rudolf Henneberg (1825-1876) in der Campagna</marc:subfield>
          </marc:datafield>
          <marc:datafield tag="720" ind1=" " ind2=" ">
            <marc:subfield code="a">Rudolph Friedrich August Henneberg</marc:subfield>
          </marc:datafield>
          <marc:datafield tag="655" ind1=" " ind2="7">
            <marc:subfield code="a">Malerei</marc:subfield>
          </marc:datafield>
          <marc:datafield tag="046" ind1=" " ind2=" ">
            <marc:subfield code="k">1863</marc:subfield>
            <marc:subfield code="k">1863 (Signatur)</marc:subfield>
          </marc:datafield>
          <marc:datafield tag="260" ind1=" " ind2=" ">
            <marc:subfield code="g">1863</marc:subfield>
            <marc:subfield code="g">1863 (Signatur)</marc:subfield>
          </marc:datafield>
          <marc:datafield tag="300" ind1=" " ind2=" ">
            <marc:subfield code="a">Breite: 150,4 cm (Rahmen)
Höhe: 72,2 cm
Breite: 130,2 cm
Tiefe: 2,1 cm
Höhe: 93,4 cm (Rahmen)
Tiefe: 8 cm (Rahmen)</marc:subfield>
          </marc:datafield>
          <marc:datafield tag="520" ind1=" " ind2=" ">
            <marc:subfield code="a">Drei Männer zu Pferd in der Campagna bei Rom. Joseph von Kopf ist auf seinem Grauschimmel mit Spazierstock über der Schulter dargestellt, Ludwig Passini (Wien 1832-1903 Venedig) reitet auf seinem braunen Pferd voran. Henneberg selbst reitet im Hintergrund auf einem grauen Pferd.
 (Städtisches Museum Braunschweig)

Aufschrift:
"R. Henneberg ROM 1863" (Signatur unten links)

Aufschrift:
auf der Rückseite Klebezettel "Mostra di Roma nell'Ottocento", Nr. 1826, Titel, Künstler...; Besitz: Signora Anna Lidia Kopf; Via Panispena 78; auf der Leinwand: "Ludwig Passini 1863 gem. v. R. Henneberg / Portraits von J. Kopf (R. Henneberg gem. v. Passini)"

Beschrieben in:
M. Slg., S. 66r und v; Ulferts/Christiani 1996, Farb-Abb. 14, S. 63 (Farbe); Boetticher I, 2 (1891/1948), S. 521, Nr. 17; AK Berlin 1877, S. 13, Kat.-Nr. 133 (?); Kopf 1899, S. 210 (zu Passini), S. 211 f., S. 470 (zu Henneberg); Pollak 1905, S. 88, Nr. 390, sw-Abb. S. XIX;

Beschrieben in:
M. Thom, „Der Braunschweiger Maler Rudolf Henneberg 1825 - 1876“. 1988. (S. 98-102, sw-Abb. 69, S. 270 (A I, 18))

Veröffentlicht in:
R. F. A. Henneberg und Mollowitz, S., „Sehnsucht Italien - Die Künstlerreisen von Rudolf Henneberg“. Schnell &amp; Steiner, Regensburg, 2017. (S. 22-23 u. 65, Nr. 26.)

Veröffentlicht in:
„Weitblick : Städtisches Museum Braunschweig und Kulturen der Welt : Städtisches Museum Braunschweig, Haus am Löwenwall, Ausstellung 31. Oktober 2017-20. Februar 2018“. Michael Imhof Verlag, Petersberg, 2017. (S. 174 - 175, Abb. S. 71.)

Beschrieben in:
G. D. Ulferts, „Josef von Kopf, Rudolf Henneberg und Ludwig Passini in der römischen Campagna : das Dokument einer Künstlerfreundschaft in Italien/ Gert Dieter Ulferts. Städtisches Museum Braunschweig / Miszellen ; Nr. 52“. Städt. Museum, Braunschweig, 1996.

Beschrieben in:
J. M. Nauhaus, „Die Gemäldesammlung des Städtischen Museums Braunschweig : vollständiges Bestandsverzeichnis und Verlustdokumentation. Die Gemäldesammlung // Städtisches Museum Braunschweig“. Olms, Hildesheim [u.a.], 2009. (S. 190, Kat.-Nr. 483, Farbtafel 37)</marc:subfield>
          </marc:datafield>
          <marc:datafield tag="650" ind1="1" ind2=" ">
            <marc:subfield code="a">Bildnis</marc:subfield>
          </marc:datafield>
          <marc:datafield tag="650" ind1="1" ind2=" ">
            <marc:subfield code="a">Gemälde</marc:subfield>
          </marc:datafield>
          <marc:datafield tag="650" ind1="1" ind2=" ">
            <marc:subfield code="a">Malerei</marc:subfield>
          </marc:datafield>
          <marc:datafield tag="650" ind1="1" ind2=" ">
            <marc:subfield code="a">Malerei &gt; Gemälde</marc:subfield>
          </marc:datafield>
          <marc:datafield tag="650" ind1="1" ind2=" ">
            <marc:subfield code="a">Malerei</marc:subfield>
          </marc:datafield>
          <marc:datafield tag="650" ind1="1" ind2=" ">
            <marc:subfield code="a">Campagna di Roma (Latium)</marc:subfield>
          </marc:datafield>
          <marc:datafield tag="773" ind1="0" ind2=" ">
            <marc:subfield code="t">Sammlung Malerei</marc:subfield>
          </marc:datafield>
          <marc:datafield tag="852" ind1=" " ind2=" ">
            <marc:subfield code="a">Städtisches Museum Braunschweig</marc:subfield>
          </marc:datafield>
          <marc:datafield tag="" ind1=" " ind2=" ">
            <marc:subfield code="a">Namensnennung - Nicht kommerziell - Keine Bearbeitungen 4.0 International (CC BY-NC-ND 4.0)</marc:subfield>
          </marc:datafield>
        </marc:record>
      </metadata>
    </record>
  </GetRecord>
</OAI-PMH>
